Abbeys, Castles and Ancient Halls of England and Wales: (Record no. 121380)
[ view plain ]
| 000 -LEADER | |
|---|---|
| fixed length control field | 00872nam a22002297a 4500 |
| 008 - FIXED-LENGTH DATA ELEMENTS--GENERAL INFORMATION | |
| fixed length control field | 230223s1872 xxk||||| |||| 00| 0 eng d |
| 041 ## - LANGUAGE CODE | |
| Language code of text/sound track or separate title | eng |
| 050 ## - Library of Congress Classification | |
| Class mark | 942 |
| 245 ## - TITLE STATEMENT | |
| Title | Abbeys, Castles and Ancient Halls of England and Wales: |
| Subtitle | their legendary lore and popular history |
| 250 ## - EDITION | |
| Edition statement | 2nd |
| 260 ## - PUBLICATION INFORMATION | |
| Place of publication | London, |
| Publisher | Frederick Warne & Co, |
| Date | 1872 |
| 300 ## - PHYSICAL DESCRIPTION | |
| Physical description | 577p |
| Other physical details | Green bound with gold embossed lettering |
| 520 ## - ABSTRACT | |
| Abstract | Kilburn Priory; St Paul's; Westminster; The Tower; Pevensey Castle; Tavistock Abbey; The Castle of Odiham; Bodium Castle and many more |
| 650 ## - KEYWORDS | |
| Keywords | CASTLES |
| 650 ## - KEYWORDS | |
| Keywords | HISTORIC BUILDINGS |
| 650 ## - KEYWORDS | |
| Keywords | ANCIENT BUILDINGS |
| 651 ## - SUBJECT ADDED ENTRY--GEOGRAPHIC NAME | |
| Geographic name | United Kingdom |
| 700 ## - ADDED PERSONAL NAME | |
| Added personal author | Timbs, John |
| 700 ## - ADDED PERSONAL NAME | |
| Added personal author | Gunn, Alexander |
| 856 ## - ONLINE RESOURCE | |
| Uniform Resource Identifier | <a href="https://archive.org/details/abbeyscastlesa01timb/page/n5/mode/2up">https://archive.org/details/abbeyscastlesa01timb/page/n5/mode/2up</a> |
| Public note | Available to view on archive.org |
| 942 ## - ADDED ENTRY ELEMENTS (KOHA) | |
| Suppress in OPAC | Do not suppress in OPAC |
| Lost status | Damaged status | Not for loan | Home library | Current library | Shelving location | Date acquired | Total Checkouts | Full call number | Date last seen | Price effective from | Koha item type |
|---|---|---|---|---|---|---|---|---|---|---|---|
| London | London | Books | 23/02/2023 | 942 | 23/02/2023 | 23/02/2023 | Book |